| 000 | 00665nam a2200205 4500 | ||
|---|---|---|---|
| 001 | 110214 | ||
| 003 | ES-MaACL | ||
| 005 | 20250815085328.0 | ||
| 007 | t| | ||
| 008 | 061121m19721974sp r ||||1| spa d | ||
| 100 | 0 |
_aOcón García, Joaquín. _986506 |
|
| 245 | 1 | 0 |
_aProblemas de ingenería química _b: operaciones básicas / _cJoaquín Ocón García, Gabriel Tojo Barreiro. |
| 260 |
_aMadrid : _bAguilar, _c1972-74. |
||
| 300 |
_a2v. : _bil. ; _c22 cm. |
||
| 490 | 1 | _aCiencia y técnica | |
| 700 | 1 |
_aTojo Barreiro, Gabriel. _9110432 |
|
| 830 | 0 | 0 |
_aCiencia y técnica _9177702 |
| 852 |
_aES-MaACL _jE-8164-5 _bR.92475 |
||
| 999 |
_c110214 _d110214 |
||